00727nam a2200205 a 450000100100000000500170001000800410002702000150006804000250008308200210010810000310012924000360016024500780019625000120027426000460028630000210033270000310035395201200038499900170050400003502720200930074045.0111024s1990 sp 000 0 spa d a8432240036 aDO-SdBNPbspacBNPHU axxxbL313c, 19901 aLapierre, Dominique91055310aLa cité de la Joielespañol13aLa ciudad de la alegría /cDominique Lapierre ; traductor Carlos Pujol. a17a ed. aBarcelona :bPlanetabSeix Barral,c1990. a393 p. ;c21 cm.1 aPujol, Carlos,etr.945462 0010507-18MOaGRbGRcOId2011-10-24iLF1l0oxxx L313c, 1990p35027-10r2020-06-25w2020-06-25y1ZNo se presta c34518d34518